[Event "Kreuzberg2006"]
[Site "?"]
[Date "2006.07.08"]
[Round "1"]
[White "Richter, Michael"]
[Black "Merz, Ruediger"]
[Result "1-0"]
[WhiteElo "2389"]
[BlackElo "1851"]
[PlyCount "45"]

1. d4 Nf6 2. Nf3 b6 3. c4 e6 4. g3 Ba6 5. Qa4 c6 6. Bf4 b5 7. cxb5 Bxb5 8. Qb3
a5 9. Nc3 a4 10. Qc2 Bb4 11. Bg2 O-O 12. O-O Bxc3 13. bxc3 d5 14. Rfe1 Qe7 15.
Ne5 Ra6 16. Rab1 Rd8 17. e4 a3 18. exd5 Qa7 19. dxc6 Ba4 20. Qe2 Nxc6 21. Nxf7
Nxd4 22. cxd4 Kxf7 23. Rb7+ 1-0

[Event "Kreuzberg2006"]
[Site "?"]
[Date "2006.07.08"]
[Round "1"]
[White "Duric, Rajko"]
[Black "Schmidt-Schaeffer, Sebastian"]
[Result "0-1"]
[WhiteElo "1849"]
[BlackElo "2370"]
[PlyCount "50"]

1. e4 d6 2. d4 Nf6 3. Bd3 e5 4. d5 Be7 5. Ne2 Nbd7 6. f3 O-O 7. c3 c6 8. dxc6
bxc6 9. O-O d5 10. Ng3 Nc5 11. Bc2 Ba6 12. Re1 dxe4 13. Qxd8 Rfxd8 14. Nf5 Bf8
15. b4 Nd3 16. Bxd3 Bxd3 17. fxe4 Nxe4 18. Ne3 a5 19. Ba3 axb4 20. Bxb4 c5 21.
Ba3 Bxb1 22. Raxb1 Nd2 23. Rbd1 Rxa3 24. Rxd2 Rxd2 25. Nc4 Raxa2 0-1

[Event "Kreuzberg2006"]
[Site "?"]
[Date "2006.07.08"]
[Round "1"]
[White "Schlemermeyer, Wilhelm"]
[Black "Berg, Gerd"]
[Result "1-0"]
[WhiteElo "2333"]
[BlackElo "1825"]
[PlyCount "87"]

1. c4 c5 2. g3 g6 3. Bg2 Bg7 4. e3 Nc6 5. Ne2 e6 6. Nbc3 Nge7 7. d4 cxd4 8.
Nxd4 Rb8 9. O-O O-O 10. b3 Nxd4 11. exd4 d5 12. Ba3 Re8 13. Rc1 a6 14. Bxe7
Rxe7 15. cxd5 exd5 16. Nxd5 Rd7 17. Re1 b6 18. Qe2 Bb7 19. Ne7+ Rxe7 20. Qxe7
Qxe7 21. Rxe7 Bxg2 22. Kxg2 Bxd4 23. Rd7 Bc5 24. Rcd1 Kg7 25. Rd8 Rb7 26. R1d7
Rxd7 27. Rxd7 a5 28. g4 Kf6 29. Kf3 Ke6 30. Rd8 Kf6 31. h3 h6 32. Re8 Kg5 33.
Rh8 h5 34. gxh5 gxh5 35. Rd8 Kg6 36. Rd5 Kh6 37. Kg3 Kg6 38. f3 Be3 39. Rd3 Bc5
40. Kf4 Kh6 41. Kf5 Be7 42. Rd7 Bc5 43. Rxf7 Ba3 44. Rf6+ 1-0

[Event "Kreuzberg2006"]
[Site "?"]
[Date "2006.07.08"]
[Round "1"]
[White "Apel, Wolfgang"]
[Black "Waldmann, Hans-Joachim"]
[Result "0-1"]
[WhiteElo "1813"]
[BlackElo "2329"]
[PlyCount "58"]

1. c4 c5 2. Nf3 Nc6 3. d4 cxd4 4. Nxd4 g6 5. Nc3 Bg7 6. Nc2 d6 7. e4 Bxc3+ 8.
bxc3 Nf6 9. f3 Qa5 10. Bb2 Nd7 11. Nd4 Nc5 12. Be2 Na4 13. Nxc6 bxc6 14. Qd2
Ba6 15. Bd3 Qc5 16. Rb1 Rb8 17. Ke2 O-O 18. Ba1 Bxc4 19. Bxc4 Qxc4+ 20. Kf2 Nc5
21. Rbd1 Rb6 22. h4 Ra6 23. Qd4 Rxa2+ 24. Kg3 Qe2 25. Rdg1 Ne6 26. Qd1 Qf2+ 27.
Kh3 Nf4+ 28. Kg4 h5+ 29. Kxf4 e5+ 0-1

[Event "Kreuzberg2006"]
[Site "?"]
[Date "2006.07.08"]
[Round "1"]
[White "Mattick, Lutz"]
[Black "Pews, Kristine"]
[Result "1-0"]
[WhiteElo "2278"]
[BlackElo "1793"]
[PlyCount "49"]

1. Nf3 g6 2. c4 Bg7 3. Nc3 d6 4. d4 Nc6 5. d5 Ne5 6. Nd2 f5 7. g3 Nf6 8. Bg2
O-O 9. O-O c5 10. h3 Bd7 11. f4 Nf7 12. e4 fxe4 13. Qe2 a6 14. a4 Rb8 15. Ndxe4
Nxe4 16. Qxe4 b5 17. axb5 axb5 18. cxb5 Bxb5 19. Re1 Re8 20. Ra7 Bd7 21. g4 e5
22. dxe6 Rxe6 23. Rxd7 Rxe4 24. Rxd8+ Rxd8 25. Bxe4 1-0

[Event "Kreuzberg2006"]
[Site "?"]
[Date "2006.07.08"]
[Round "1"]
[White "Lange, Andreas"]
[Black "Kiesekamp, Marcos"]
[Result "0-1"]
[WhiteElo "1761"]
[BlackElo "2259"]
[PlyCount "68"]

1. d4 Nf6 2. Bg5 d5 3. Nc3 g6 4. Bxf6 exf6 5. e3 Be6 6. g3 Nd7 7. Bg2 c6 8.
Nge2 h5 9. Qd2 Nb6 10. b3 h4 11. f4 Ba3 12. Na4 Nxa4 13. bxa4 Qe7 14. Rb1 Bg4
15. Rb3 h3 16. Bf1 O-O 17. Ng1 Qe4 18. Rxa3 Qxh1 19. Qf2 c5 20. dxc5 Rac8 21.
Rb3 Rxc5 22. Rxb7 d4 23. Rb3 dxe3 24. Rxe3 Rb8 25. Rd3 Rb1+ 26. Kd2 Rd1+ 27.
Ke3 Bf5 28. Qf3 Qxf3+ 29. Nxf3 Rxf1 30. Rd8+ Kg7 31. Nd4 Bxc2 32. a5 Rd1 33. a6
Rc3+ 34. Ke2 Rcd3 0-1

[Event "Kreuzberg2006"]
[Site "?"]
[Date "2006.07.09"]
[Round "2"]
[White "Rollwitz, Juergen"]
[Black "Richter, Michael"]
[Result "0-1"]
[WhiteElo "2060"]
[BlackElo "2389"]
[PlyCount "130"]

1. d4 e6 2. c4 b6 3. Nf3 Bb7 4. g3 Bb4+ 5. Nc3 f5 6. Bg2 Nf6 7. Bd2 O-O 8. O-O
Bxc3 9. Bxc3 Ne4 10. Be1 Qf6 11. e3 d6 12. Nd2 Nd7 13. f3 Ng5 14. h4 Nf7 15. f4
Bxg2 16. Kxg2 c5 17. Nf3 Qe7 18. Qe2 Nf6 19. Bc3 Ne4 20. Nd2 Qb7 21. Nxe4 Qxe4+
22. Qf3 Qd3 23. dxc5 bxc5 24. Rfc1 Rab8 25. b3 Nh6 26. Be1 Ng4 27. Rc3 Qe4 28.
Rd1 Rb6 29. Bf2 Qxf3+ 30. Kxf3 Nf6 31. Rc2 Kf7 32. Be1 Ne4 33. g4 Ra6 34. Rh2
Ke7 35. h5 Kf7 36. Rd3 Nf6 37. g5 Ne4 38. Rc2 Rd8 39. Bc3 d5 40. Be5 Rd7 41.
Rg2 Ke8 42. Rd1 Kd8 43. Rc2 Kc8 44. Rd3 g6 45. hxg6 hxg6 46. Rh2 Rh7 47. Re2
Rh3+ 48. Kg2 Rg3+ 49. Kf1 dxc4 50. bxc4 Rb6 51. Rb2 Rf3+ 52. Ke1 Rh3 53. Rxb6
axb6 54. Ra3 Kb7 55. Kd1 Rh1+ 56. Kc2 Rh2+ 57. Kc1 Rg2 58. Bf6 Nd6 59. Ra4 Rg3
60. Be5 Nf7 61. Ra3 Nxe5 62. fxe5 f4 63. Kd2 Rxe3 64. Rxe3 fxe3+ 65. Kxe3 Ka6
0-1

[Event "Kreuzberg2006"]
[Site "?"]
[Date "2006.07.09"]
[Round "2"]
[White "Schmidt-Schaeffer, Sebastian"]
[Black "Mielke, Norman"]
[Result "1-0"]
[WhiteElo "2370"]
[BlackElo "2044"]
[PlyCount "41"]

1. e4 c5 2. Nf3 Nc6 3. Nc3 e5 4. g3 d6 5. Bg2 Be6 6. d3 Be7 7. O-O Nd4 8. Nxd4
cxd4 9. Ne2 Qd7 10. f4 Bg4 11. Bf3 Bd8 12. Bxg4 Qxg4 13. f5 g6 14. c3 Bb6 15.
cxd4 Bxd4+ 16. Kg2 Ne7 17. h3 Qh5 18. g4 Qh4 19. Nxd4 exd4 20. Bf4 O-O-O 21.
Qc1+ 1-0

[Event "Kreuzberg2006"]
[Site "?"]
[Date "2006.07.09"]
[Round "2"]
[White "von Loehneysen, Leonard"]
[Black "Schlemermeyer, Wilhelm"]
[Result "0-1"]
[WhiteElo "2033"]
[BlackElo "2333"]
[PlyCount "118"]

1. c4 b6 2. Nc3 e6 3. e4 Bb7 4. Nf3 Bb4 5. Qb3 Na6 6. a3 Nc5 7. Qc2 Bxc3 8.
Qxc3 f6 9. d3 a5 10. Be2 Ne7 11. Bf4 a4 12. O-O O-O 13. Bg3 e5 14. Nd2 Nc6 15.
f4 Nd4 16. Rae1 Qe7 17. Nf3 Nxf3+ 18. Bxf3 d6 19. Bd1 Qd7 20. Rf2 Rfe8 21. Ref1
Bc6 22. Bh5 {(=)} Re7 23. Bd1 Rb8 24. fxe5 dxe5 25. Bc2 Rd8 26. Rf3 Ne6 27. b4
Qd4+ 28. Qxd4 Nxd4 29. Bb1 Nxf3+ 30. Rxf3 Red7 31. Bc2 b5 32. c5 Re7 33. Kf1
Be8 34. Bh4 c6 35. h3 Red7 36. Ke2 Bf7 37. Kd2 Be6 38. g4 h6 39. Kc3 Kf7 40.
Bf2 Ke7 41. Bh4 Rh8 42. Bd1 Bf7 43. Rf5 g5 44. Bg3 Bg6 45. Rf1 Rdd8 46. h4 gxh4
47. Bxh4 Rdf8 48. d4 exd4+ 49. Kxd4 Ke6 50. Ke3 h5 51. Be2 hxg4 52. Bxg4+ f5
53. exf5+ Bxf5 54. Be7 Kxe7 55. Bxf5 Rh2 56. Rf3 Rb2 57. Kd4 Rb3 58. Rxb3 axb3
59. Be4 Rf4 0-1

[Event "Kreuzberg2006"]
[Site "?"]
[Date "2006.07.09"]
[Round "2"]
[White "Waldmann, Hans-Joachim"]
[Black "Jatzko, Reinhold"]
[Result "1-0"]
[WhiteElo "2329"]
[BlackElo "2032"]
[PlyCount "75"]

1. e4 g6 2. d4 Bg7 3. Nc3 d6 4. Be3 Nc6 5. Qd2 Nf6 6. f3 O-O 7. g4 h5 8. h3 Kh7
9. Nge2 Rh8 10. O-O-O e5 11. g5 exd4 12. Nxd4 Nxd4 13. gxf6 Nxf3 14. fxg7 Nxd2
15. gxh8=Q+ Qxh8 16. Rxd2 Be6 17. Bd4 Qd8 18. h4 c6 19. Rf2 b5 20. b3 a5 21. a4
bxa4 {(=)} 22. Nxa4 Qe8 23. Bh3 Bxh3 24. Rxh3 c5 25. Bc3 Ra7 26. Rf4 c4 27.
Rhf3 cxb3 28. cxb3 Rc7 29. Kb2 Qb5 30. Rxf7+ Rxf7 31. Rxf7+ Kg8 32. Re7 Qe2+
33. Ka3 Qf2 34. Rg7+ Kf8 35. Rxg6 Qc2 36. Rxd6 Qc1+ 37. Bb2 Qf4 38. Rf6+ 1-0

[Event "Kreuzberg2006"]
[Site "?"]
[Date "2006.07.09"]
[Round "2"]
[White "Gremm, Albert Juergen"]
[Black "Kohler, Thomas"]
[Result "0-1"]
[WhiteElo "1980"]
[BlackElo "2245"]
[PlyCount "66"]

1. e4 c5 2. Nc3 e6 3. Bc4 Nc6 4. d3 Nf6 5. Bg5 Be7 6. Nge2 O-O 7. O-O d6 8. f4
Ng4 9. Bxe7 Nxe7 10. Qd2 d5 11. Bb3 c4 12. h3 Qb6+ 13. d4 Nh6 14. Ba4 dxe4 15.
Nxe4 Nhf5 16. c3 Nd5 17. g4 Nd6 18. Nxd6 Qxd6 19. Ng3 Rb8 20. Rae1 b5 21. Ne4
Qd8 22. Bc2 b4 23. Ng5 h6 24. Nf3 bxc3 25. bxc3 Qa5 26. Rc1 Qa3 27. Ne5 f5 28.
Bb1 Rb2 29. Nxc4 Rxd2 30. Nxa3 fxg4 31. hxg4 Nxf4 32. Nc4 Nh3+ 33. Kh1 Bb7+ 0-1

[Event "Kreuzberg2006"]
[Site "?"]
[Date "2006.07.09"]
[Round "2"]
[White "Lueders, Gerhard"]
[Black "Hesselbarth, Karlheinz"]
[Result "1-0"]
[WhiteElo "2243"]
[BlackElo "1925"]
[PlyCount "71"]

1. d4 d5 2. c4 e6 3. Nc3 c5 4. cxd5 cxd4 5. Qxd4 Nc6 6. Qd1 exd5 7. Qxd5 Be6 8.
Qxd8+ Rxd8 9. Bg5 f6 10. Bd2 Bc5 11. Nf3 g5 12. h3 h5 13. e3 Nb4 14. Rc1 Bf5
15. a3 Nd3+ 16. Bxd3 Bxd3 17. Ne2 Bb6 18. Bc3 Rh7 19. Bd4 Bc7 20. Rd1 Ba6 21.
Bc3 Rhd7 22. Rxd7 Rxd7 23. Nfd4 Kf7 24. h4 Kg6 25. Ne6 Bd6 26. hxg5 fxg5 27.
Ng3 Bc4 28. Nd4 Bxg3 29. fxg3 Nf6 30. Nf3 Ng4 31. Bd4 b6 32. Kd2 Bb5 33. Rc1
Kf5 34. Rc8 Nf6 35. Rf8 Rd6 36. e4+ 1-0

[Event "Kreuzberg2006"]
[Site "?"]
[Date "2006.07.09"]
[Round "2"]
[White "Neerforth, Philipp"]
[Black "Grosse Honebrink, Brigitte"]
[Result "1/2-1/2"]
[WhiteElo "2221"]
[BlackElo "1893"]
[PlyCount "63"]

1. Nf3 d5 2. d4 Nf6 3. c4 e6 4. Nc3 Be7 5. Bg5 Nbd7 6. e3 O-O 7. Rc1 b6 8. cxd5
exd5 9. Qa4 Bb7 10. Ba6 Bxa6 11. Qxa6 h6 12. Bxf6 Nxf6 13. O-O c5 14. dxc5 bxc5
15. Rfd1 Qb6 16. Qxb6 axb6 17. Ne5 Rfe8 18. a3 d4 19. exd4 cxd4 20. Nb1 Bf8 21.
Nf3 Re2 22. Rd2 d3 23. Rxe2 dxe2 24. Nc3 Rd8 25. Nxe2 Ne4 26. Ng3 Nd2 27. Nxd2
Rxd2 28. Rb1 g6 29. Ne4 Rc2 30. Nc3 Bxa3 31. bxa3 Rxc3 {(=)} 32. g3 1/2-1/2

[Event "Kreuzberg2006"]
[Site "?"]
[Date "2006.07.09"]
[Round "2"]
[White "Friedrich, Wiede"]
[Black "Niehaus, Frank"]
[Result "0-1"]
[WhiteElo "1933"]
[BlackElo "2204"]
[PlyCount "56"]

1. e4 c5 2. Nf3 d6 3. d4 cxd4 4. Qxd4 Nc6 5. Bb5 Bd7 6. Bxc6 Bxc6 7. c4 Nf6 8.
Nc3 g6 9. O-O Bg7 10. Qd3 O-O 11. Be3 a6 12. Rad1 Qa5 13. Nd5 Nxd5 14. exd5 Bd7
15. Bd4 Bxd4 16. Qxd4 Rac8 17. Rfe1 Rfe8 18. Qh4 f6 19. Rd4 Bf5 20. g4 g5 21.
Qg3 Bg6 22. h4 h6 23. hxg5 hxg5 24. Qh3 Kg7 25. Rdd1 Rxc4 26. a3 Re4 27. Rxe4
Bxe4 28. Nd4 Rh8 0-1

[Event "Kreuzberg2006"]
[Site "?"]
[Date "2006.07.09"]
[Round "2"]
[White "Haemmerlein, Thomas"]
[Black "Zoellner, Rainer"]
[Result "1-0"]
[WhiteElo "2195"]
[BlackElo "1884"]
[PlyCount "49"]

1. d4 e6 2. Nf3 Nf6 3. c4 b6 4. e3 Bb7 5. Bd3 Be7 6. Qe2 d5 7. O-O O-O 8. Nc3
Nbd7 9. b3 c5 10. Bb2 dxc4 11. bxc4 cxd4 12. exd4 Re8 13. Rfd1 Qc7 14. Ne5 Rac8
15. Qe3 Nxe5 16. dxe5 Bc5 17. Qg3 Nh5 18. Qg5 g6 19. Nb5 Qb8 20. Be2 Be7 21.
Qc1 Rcd8 22. Bxh5 gxh5 23. Nd6 Rf8 24. Qh6 h4 25. Rd4 1-0

[Event "Kreuzberg2006"]
[Site "?"]
[Date "2006.07.09"]
[Round "2"]
[White "Knopf, Roland"]
[Black "Kauschmann, Herbert"]
[Result "1/2-1/2"]
[WhiteElo "1921"]
[BlackElo "2178"]
[PlyCount "116"]

1. d4 c5 2. d5 e6 3. Nc3 d6 4. e4 a6 5. a4 Be7 6. Nf3 Nf6 7. Bd3 exd5 8. exd5
Bg4 9. h3 Bh5 10. O-O O-O 11. Bf4 Nbd7 12. a5 b5 13. axb6 Qxb6 14. Ra3 Rfb8 15.
Rb3 Qc7 16. Rxb8+ Qxb8 17. Re1 Bf8 18. b3 Qb4 19. Ne4 Bxf3 20. gxf3 Nxd5 21.
Bxd6 Bxd6 22. Nxd6 Qf4 23. Bxh7+ Kxh7 24. Qxd5 Nf6 25. Qxa8 Qxd6 26. Ra1 Qe5
27. Rxa6 Nd5 28. Ra4 f5 29. Qc6 Nb4 30. Rxb4 cxb4 31. Qc4 Qe7 32. Kg2 g6 33. c3
Qg5+ 34. Kh2 bxc3 35. Qxc3 Qf4+ 36. Kg2 Qg5+ 37. Kf1 Qh4 38. b4 Qxh3+ 39. Ke2
f4 40. Qc7+ Kg8 41. Qxf4 Qe6+ 42. Qe4 Qa2+ 43. Ke3 Qb3+ 44. Kf4 Qf7+ 45. Kg5
Kh7 46. f4 Qg7 47. Qe5 Qh6+ 48. Kg4 Qh1 49. Qe7+ Kg8 50. Qe6+ Kg7 51. Qe7+ Kg8
52. Qh4 Qd1+ 53. f3 Qg1+ 54. Qg3 Qb1 55. Kh3 Qh1+ 56. Qh2 Qxf3+ 57. Qg3 Qh1+
58. Qh2 Qf3+ 1/2-1/2

[Event "Kreuzberg2006"]
[Site "?"]
[Date "2006.07.09"]
[Round "2"]
[White "Rath, Oliver"]
[Black "Cusnariov, Nikolai"]
[Result "0-1"]
[WhiteElo "1887"]
[BlackElo "2147"]
[PlyCount "56"]

1. d4 Nf6 2. c4 c5 3. d5 b5 4. cxb5 a6 5. bxa6 Bxa6 6. Nc3 d6 7. Nf3 g6 8. g3
Bg7 9. Bg2 O-O 10. O-O Nbd7 11. Re1 Qc7 12. e4 Rfb8 13. Qc2 Ng4 14. Rd1 Nge5
15. Ne1 Qa5 16. f4 Nc4 17. Nf3 Nxb2 18. Bxb2 Rxb2 19. Qxb2 Bxc3 20. Qc2 Bxa1
21. Rxa1 Rb8 22. Nd2 Qb4 23. Rb1 Qd4+ 24. Kh1 Rxb1+ 25. Nxb1 Bd3 26. Qd1 Nf6
27. Nd2 Bxe4 28. Qe2 Bxd5 0-1

[Event "Kreuzberg2006"]
[Site "?"]
[Date "2006.07.10"]
[Round "3"]
[White "Richter, Michael"]
[Black "Haemmerlein, Thomas"]
[Result "1-0"]
[WhiteElo "2389"]
[BlackElo "2195"]
[PlyCount "56"]

1. d4 d5 2. Nf3 Nf6 3. c4 c6 4. cxd5 cxd5 5. Nc3 g6 6. Bf4 Bg7 7. e3 O-O 8. Bd3
Nc6 9. h3 Ne8 10. Rc1 Kh8 11. Bg3 e6 12. O-O a6 13. Na4 Bd7 14. Nc5 Ra7 15. a3
f6 16. Qb3 Bc8 17. Rfd1 Nd6 18. Nxa6 Ne4 19. Bc7 Qd7 20. Qb6 bxa6 21. Qxc6 Qxc6
22. Rxc6 Bd7 23. Rcc1 Ba4 24. Re1 Rb7 25. b4 Ra8 26. Bxe4 dxe4 27. Nd2 f5 28.
Nc4 Bb3 1-0

[Event "Kreuzberg2006"]
[Site "?"]
[Date "2006.07.10"]
[Round "3"]
[White "Niehaus, Frank"]
[Black "Schmidt-Schaeffer, Sebastian"]
[Result "1-0"]
[WhiteElo "2204"]
[BlackElo "2370"]
[PlyCount "58"]

1. e4 d6 2. d4 Nf6 3. Nc3 Nbd7 4. f4 e5 5. Nf3 exd4 6. Qxd4 c6 7. Be3 d5 8. e5
Ng4 9. Bg1 Bc5 10. Qd2 Bxg1 11. Rxg1 Qb6 12. O-O-O Nxh2 13. Nd4 Ng4 14. Be2 Nc5
15. Bf3 h5 16. Bxd5 O-O 17. Bf3 Rd8 18. Qe2 Ne6 19. Nxe6 Bxe6 20. Ne4 Ne3 21.
Nd6 Rxd6 22. exd6 Nc4 23. b3 Nxd6 24. g4 hxg4 25. Bxg4 Bd5 26. Qe5 Ne4 27. Kb2
f6 28. Qe7 Nc5 29. Bh5 Ne6 1-0

[Event "Kreuzberg2006"]
[Site "?"]
[Date "2006.07.10"]
[Round "3"]
[White "Schlemermeyer, Wilhelm"]
[Black "Shapiro, Yosip"]
[Result "0-1"]
[WhiteElo "2333"]
[BlackElo "2131"]
[PlyCount "67"]

1. Nf3 d5 2. g3 c6 3. Bg2 Bg4 4. d3 Nd7 5. Nbd2 e6 6. h3 Bh5 7. O-O Ngf6 8. e4
Qc7 9. Qe1 dxe4 10. dxe4 Bc5 11. Kh1 h6 12. a3 g5 13. b4 Be7 14. Bb2 O-O 15. c4
c5 16. e5 Nh7 17. b5 Nb6 18. a4 Rad8 19. a5 Nc8 20. Nh2 Bg6 21. Ne4 Rd3 22. Qe2
Rfd8 23. Ng4 h5 24. Ne3 Bf8 25. f4 Bg7 26. f5 exf5 27. Nxf5 Bxe5 28. Nh6+ Kg7
29. Nxf7 Bxb2 30. Qxb2+ R8d4 31. Nfxg5 Qe5 32. h4 Rxe4 33. Ne6+ Kg8 34. Qxe5
0-1

[Event "Kreuzberg2006"]
[Site "?"]
[Date "2006.07.10"]
[Round "3"]
[White "Cusnariov, Nikolai"]
[Black "Waldmann, Hans-Joachim"]
[Result "0-1"]
[WhiteElo "2147"]
[BlackElo "2329"]
[PlyCount "54"]

1. e4 Nf6 2. e5 Nd5 3. c4 Nb6 4. d4 d6 5. exd6 cxd6 6. Nf3 g6 7. b3 Bg7 8. Bb2
Nc6 9. Be2 Bg4 10. h3 Bxf3 11. Bxf3 d5 12. c5 Nd7 13. O-O Nxc5 14. Nc3 Nxd4 15.
Bxd5 e6 16. Bf3 O-O 17. b4 Qb6 18. Nd5 Nxf3+ 19. Qxf3 exd5 20. Bxg7 Kxg7 21.
Qc3+ Kg8 22. bxc5 Qc6 23. Qd4 Rac8 24. Rab1 Rfe8 25. Rfd1 Re7 26. Qxd5 Re1+ 27.
Kh2 Qxd5 0-1

[Event "Kreuzberg2006"]
[Site "?"]
[Date "2006.07.10"]
[Round "3"]
[White "Mattick, Lutz"]
[Black "Hahlbohm, Matthias"]
[Result "1-0"]
[WhiteElo "2278"]
[BlackElo "2114"]
[PlyCount "69"]

1. d4 d5 2. Nf3 Nf6 3. c4 c6 4. e3 e6 5. Nbd2 Ne4 6. cxd5 Nxd2 7. Bxd2 exd5 8.
Bd3 Nd7 9. Qc2 Nf6 10. Ne5 Be7 11. O-O O-O 12. f4 h6 13. Rf3 Nd7 14. Raf1 c5
15. dxc5 Nxc5 16. Bc3 b6 17. Bh7+ Kh8 18. b4 Nd7 19. Nc6 Qe8 20. Nxe7 Qxe7 21.
Bd3 Bb7 22. Rg3 f6 23. Qe2 Rfc8 24. Bd4 Nf8 25. Qh5 Rc7 26. Rg6 Nh7 27. g4 Rg8
28. g5 Qf8 29. Kh1 Rf7 30. Rg1 Bc8 31. gxh6 Be6 32. hxg7+ Rfxg7 33. Rxg7 Rxg7
34. Rxg7 Qxg7 35. Bxf6 1-0

[Event "Kreuzberg2006"]
[Site "?"]
[Date "2006.07.10"]
[Round "3"]
[White "Kohler, Thomas"]
[Black "Burger, Heinrich"]
[Result "1/2-1/2"]
[WhiteElo "2245"]
[BlackElo "2084"]
[PlyCount "78"]

1. d4 Nf6 2. c4 e6 3. Nf3 b6 4. g3 Ba6 5. Nbd2 Bb7 6. Bg2 Be7 7. O-O O-O 8. Qc2
d5 9. Ne5 Nbd7 10. Ndf3 c5 11. dxc5 Nxc5 12. Rd1 Rc8 13. b3 Qc7 14. Bb2 Nce4
15. Rac1 b5 16. Qb1 bxc4 17. bxc4 Qb6 18. Bd4 Qxb1 19. Rxb1 Ba6 20. cxd5 Nxd5
21. Nc6 Rxc6 22. Ne5 Rc2 23. Bxe4 Rxe2 24. Bxd5 exd5 25. Nc6 Ba3 26. Bxa7 Bc4
27. Nd4 Rxa2 28. Ra1 Rxa1 29. Rxa1 Be7 30. Nf5 Bf6 31. Rd1 g6 32. Ne3 Ra8 33.
Bd4 Bxd4 34. Rxd4 Ra1+ 35. Kg2 Ra4 36. Kg1 Ra1+ 37. Kg2 Ba6 38. Nxd5 Bb7 39.
Kh3 Bxd5 1/2-1/2

[Event "Kreuzberg2006"]
[Site "?"]
[Date "2006.07.10"]
[Round "3"]
[White "Lueders, Gerhard"]
[Black "Ma, Beini"]
[Result "1-0"]
[WhiteElo "2243"]
[BlackElo "1985"]
[PlyCount "67"]

1. d4 Nf6 2. c4 e6 3. Nf3 b6 4. g3 Ba6 5. b3 Bb4+ 6. Nbd2 d5 7. Qc2 O-O 8. Bg2
Nbd7 9. O-O Rc8 10. Rd1 c5 11. dxc5 Bxc5 12. Bb2 dxc4 13. bxc4 Qc7 14. e3 Be7
15. Rac1 b5 16. Nd4 bxc4 17. Nc6 Nb6 18. Be5 Qb7 19. Nxe7+ Qxe7 20. Ne4 Rfd8
21. Bd6 Qe8 22. Nxf6+ gxf6 23. Qc3 e5 24. Bh3 Rc6 25. Qa3 Nc8 26. Bb4 Bb5 27.
Qa5 Nd6 28. Qxa7 Ra6 29. Qc5 Ne4 30. Rxd8 Qxd8 31. Qxb5 Rxa2 32. Qxc4 Qa8 33.
Bf5 Nxf2 34. Qc8+ 1-0

[Event "Kreuzberg2006"]
[Site "?"]
[Date "2006.07.11"]
[Round "3"]
[White "Grosse Honebrink, Brigitte"]
[Black "Schulz, Michael"]
[Result "1/2-1/2"]
[WhiteElo "1893"]
[BlackElo "2252"]
[PlyCount "82"]

1. d4 e6 2. Nf3 Nf6 3. Bg5 c5 4. e3 Qb6 5. Qc1 Ne4 6. Bf4 Nc6 7. c3 Be7 8. Be2
d6 9. Nbd2 Nxd2 10. Qxd2 O-O 11. O-O d5 12. h3 a5 13. Ne5 a4 14. Nxc6 bxc6 15.
Rab1 Ba6 16. Be5 f6 17. dxc5 Bxc5 18. Bd4 e5 19. Bxc5 Qxc5 20. Bxa6 Rxa6 21.
Rfc1 Qa5 22. b4 {(=)} axb3 23. axb3 Rb8 24. Qc2 g6 25. c4 d4 26. exd4 exd4 27.
c5 Rb4 28. Qe2 Ra7 29. Qe6+ Kg7 30. Qxc6 Qd8 31. Qd6 Rd7 32. Qa6 d3 33. c6 Rc7
34. Qa5 Rd4 35. Qb6 Qd6 36. Rc3 d2 37. Rd1 Re4 38. Re3 Rd4 39. Rc3 Re4 40. Re3
Rd4 41. Rc3 Re4 1/2-1/2

[Event "Kreuzberg2006"]
[Site "?"]
[Date "2006.07.10"]
[Round "3"]
[White "Kauschmann, Herbert"]
[Black "Schildt, Rene"]
[Result "1-0"]
[WhiteElo "2178"]
[BlackElo "1985"]
[PlyCount "63"]

1. e4 e6 2. d4 d5 3. e5 c5 4. c3 Nc6 5. Nf3 Bd7 6. a3 f6 7. b4 cxd4 8. cxd4 Qc7
9. Bb2 fxe5 10. dxe5 g6 11. Nc3 Nh6 12. b5 Na5 13. Nxd5 exd5 14. e6 Bxe6 15.
Bxh8 O-O-O 16. Be5 Qb6 17. Qc2+ Nc4 18. Bxc4 dxc4 19. O-O Bc5 20. Rad1 Rxd1 21.
Qxd1 Qxb5 22. Qd2 Nf7 23. Ng5 c3 24. Bxc3 Bxf2+ 25. Qxf2 Qxg5 26. Bf6 Qa5 27.
Qe3 Qb6 28. Bd4 Qd6 29. Rc1+ Kd7 30. Bxa7 Ne5 31. Bc5 Qb8 32. Qd4+ 1-0

[Event "Kreuzberg2006"]
[Site "?"]
[Date "2006.07.10"]
[Round "3"]
[White "Jaeger, Andre"]
[Black "Knopf, Roland"]
[Result "1-0"]
[WhiteElo "2120"]
[BlackElo "1921"]
[PlyCount "35"]

1. d4 Nf6 2. c4 g6 3. g3 Bg7 4. Bg2 d6 5. Nf3 O-O 6. Nc3 Nc6 7. O-O a6 8. d5
Na5 9. b3 Nxd5 10. Nxd5 Bxa1 11. Bd2 c6 12. Bxa5 Qxa5 13. Nxe7+ Kg7 14. Qxa1+
f6 15. Nxc8 Raxc8 16. Rd1 Rcd8 17. Nd4 Rfe8 18. Bxc6 1-0

[Event "Kreuzberg2006"]
[Site "?"]
[Date "2006.07.10"]
[Round "3"]
[White "Duric, Rajko"]
[Black "Sondermann, Johannes"]
[Result "0-1"]
[WhiteElo "1849"]
[BlackElo "2163"]
[PlyCount "88"]

1. e4 c5 2. Nc3 Nc6 3. f4 g6 4. Nf3 Bg7 5. e5 d6 6. Bb5 Bd7 7. exd6 exd6 8. O-O
Nge7 9. Ne4 Qc7 10. c3 d5 11. Bxc6 Qxc6 12. Ng3 O-O 13. Ne5 Qc7 14. Nxd7 Qxd7
15. d3 f5 16. Bd2 b5 17. Qc2 Nc6 18. Rae1 b4 19. Ne2 bxc3 20. Bxc3 Nb4 21. Qb1
Qb5 22. Bxg7 Kxg7 23. Nc3 Qxd3 24. Qxd3 Nxd3 25. Re7+ Rf7 26. Rxf7+ Kxf7 27.
Nxd5 Rd8 28. Ne3 Rd4 29. b3 Nxf4 30. Rd1 Rxd1+ 31. Nxd1 Ke6 32. Nc3 Ke5 33. Kf2
Nd5 34. Ne2 Ke4 35. Nc1 Kd4 36. Ke2 Nf4+ 37. Kf3 g5 38. h3 Kc3 39. g3 Nxh3 40.
Ne2+ Kd2 41. g4 fxg4+ 42. Kxg4 Kxe2 43. Kxh3 Kf3 44. a3 g4+ 0-1

[Event "Kreuzberg2006"]
[Site "?"]
[Date "2006.07.11"]
[Round "4"]
[White "Richter, Michael"]
[Black "Lueders, Gerhard"]
[Result "1/2-1/2"]
[WhiteElo "2389"]
[BlackElo "2243"]
[PlyCount "133"]

1. d4 Nf6 2. Bg5 e6 3. e4 h6 4. Bxf6 Qxf6 5. Nc3 c5 6. e5 Qd8 7. d5 a6 8. Nf3
d6 9. Bc4 b5 10. dxe6 fxe6 11. Bd3 d5 12. Bg6+ Kd7 13. O-O Kc7 14. Ne2 Be7 15.
c3 Bd7 16. a4 Nc6 17. Bd3 c4 18. Bc2 Rf8 19. Ned4 Nxd4 20. Nxd4 Bc5 21. axb5
axb5 22. Rxa8 Qxa8 23. Qg4 Bxd4 24. Qxd4 Kc6 25. Rd1 g5 26. b4 Kb7 27. f3 Qa2
28. Qd2 Ra8 29. Bg6 Qa7+ 30. Kf1 Qb6 31. Ke2 Ra3 32. Rc1 Qa7 33. Qe3 Ra2+ 34.
Bc2 Qa3 35. Kd2 Ra1 36. Rxa1 Qxa1 37. Qe1 Qb2 38. Qb1 Qa3 39. Bd1 Kc7 40. Bc2
Qa7 41. Qe1 d4 42. Qf2 dxc3+ 43. Ke2 Qa2 44. Qc5+ Kb7 45. Kd1 Qa1+ 46. Ke2 Qa2
47. Kd1 Qa6 48. Be4+ Kb8 49. Kc2 Qa7 50. Qxa7+ Kxa7 51. Kxc3 Kb6 52. Kd4 Bc6
53. Bc2 Be8 54. Bh7 Kc6 55. Be4+ Kb6 56. Ke3 Kc7 57. g3 Bc6 58. Bc2 Kd8 59. f4
gxf4+ 60. Kxf4 Ke7 61. Ke3 Bg2 62. Kd4 Bc6 63. h4 Be8 64. Be4 Bd7 65. g4 Be8
66. Kc5 Bd7 67. Kd4 1/2-1/2

[Event "Kreuzberg2006"]
[Site "?"]
[Date "2006.07.11"]
[Round "4"]
[White "Waldmann, Hans-Joachim"]
[Black "Niehaus, Frank"]
[Result "1/2-1/2"]
[WhiteElo "2329"]
[BlackElo "2204"]
[PlyCount "88"]

1. e4 c5 2. Nf3 d6 3. d4 cxd4 4. Qxd4 Nc6 5. Bb5 Bd7 6. Bxc6 Bxc6 7. Nc3 h6 8.
g4 e5 9. Qd3 Nf6 10. g5 Nd7 11. Rg1 Nc5 12. Qe2 Qa5 13. Bd2 Qa6 14. gxh6 gxh6
15. Rg4 Be7 16. Qe3 Ne6 17. O-O-O O-O-O 18. Kb1 h5 19. Rgg1 Kb8 20. Nd5 Bxd5
21. exd5 Nf4 22. Qe4 f5 23. Qxf5 Nxd5 24. Qe6 Qc4 25. Ka1 Qe4 26. Ba5 b6 27.
Qxd5 Qxd5 28. Rxd5 bxa5 29. Nd2 Rhg8 30. Re1 Rg2 31. Ne4 Rxh2 32. c4 h4 33.
Rxa5 Rg2 34. Rb5+ Kc7 35. Rb3 Rh8 36. Rh3 Rf8 37. a3 Rf4 38. Ka2 Kc6 39. Kb3
Rgg4 40. f3 Rg2 41. Kc3 a5 42. a4 Rg8 43. Rd1 Rgf8 44. Rd3 Rg8 1/2-1/2

[Event "Kreuzberg2006"]
[Site "?"]
[Date "2006.07.11"]
[Round "4"]
[White "Shapiro, Yosip"]
[Black "Mattick, Lutz"]
[Result "0-1"]
[WhiteElo "2131"]
[BlackElo "2278"]
[PlyCount "80"]

1. Nf3 c5 2. c4 g6 3. g3 Bg7 4. Bg2 Nc6 5. Nc3 Nf6 6. d4 cxd4 7. Nxd4 O-O 8.
O-O Nxd4 9. Qxd4 d6 10. Qd3 Qa5 11. Be3 Be6 12. Bd4 Qh5 13. f4 Bf5 14. Qd2 e5
15. Bf2 Ng4 16. h3 Nxf2 17. Rxf2 Bxh3 18. Bxb7 exf4 19. Rxf4 Rab8 20. Bf3 Qc5+
21. Kh2 Be6 22. Ne4 Qe5 23. Qxd6 Rxb2 24. Rd1 g5 25. Qxe5 Bxe5 26. Nxg5 Bxf4
27. Nxe6 fxe6 28. gxf4 Rxf4 29. Kg3 Rxc4 30. Rd8+ Kg7 31. Rd7+ Kg6 32. Rxa7
Rbb4 33. Re7 Rb6 34. Bg4 Rc3+ 35. Kf2 Rcc6 36. Bf3 Rc4 37. Ke3 h5 38. Ra7 h4
39. a4 h3 40. Be4+ Rxe4+ 0-1